| 000 | 00770cab a2200229 4500 | ||
|---|---|---|---|
| 001 | WB3038-20 | ||
| 008 | 090401t1994 xxu||||| |||| 00| 0 eng d | ||
| 035 | _a(Sirsi) u66604 | ||
| 041 | _aeng | ||
| 245 | _aEnvironment agencies bill | ||
| 260 | _c1994 | ||
| 350 | _a0 | ||
| 490 |
_aGuardian _v10 October 1994, 22; 14 October 1994, 8 |
||
| 490 |
_aFinancial Times _v14 October 1994, 8(3) |
||
| 520 | _aThe proposed environment agency will have weaker powers than the bodies it will replace; the National Rivers Authority and HM Inspectorate of Pollution. | ||
| 650 | _aENVIRONMENT AGENCY | ||
| 650 | _aHM INSPECTORATE OF POLLUTION | ||
| 650 | _aNATIONAL RIVERS AUTHORITY | ||
| 690 | _aENVIRONMENTAL AND LAND CONSULTANCY | ||
| 942 | _n0 | ||
| 948 | _c04/03/1997 | ||
| 999 |
_c41601 _d41601 |
||